The art and architecture of Japan (Record no. 84368)

MARC details
000 -LEADER
fixed length control field 00834nam a2200169 a 4500
008 - FIXED-LENGTH DATA ELEMENTS--GENERAL INFORMATION
fixed length control field 120416s1974 ||||||||||||||||| || u
050 ## - LIBRARY OF CONGRESS CALL NUMBER
Classification number N 5343 Pai
100 ## - MAIN ENTRY--PERSONAL NAME
Personal name Paine, Robert Treat
245 14 - TITLE STATEMENT
Title The art and architecture of Japan
250 ## - EDITION STATEMENT
Edition statement 2nd ed.
260 ## - PUBLICATION, DISTRIBUTION, ETC.
Place of publication, distribution, etc. Harmondsworth, Eng.
Name of publisher, distributor, etc. Penguin
Date of publication, distribution, etc. 1974
300 ## - PHYSICAL DESCRIPTION
Extent xviii, 328p. : ill.
350 ## -
-- 0.00
995 ## -
-- ANNEX COLLECTION (Main Library)
-- 0.00
-- 720001
-- CBU-MAIN LIBRARY (Kitwe)
-- 1
-- 10.00
-- N 5343 PAI
-- 2
-- AVAILABLE
-- 009793
-- Annex Low-Usage Collection
995 ## -
-- ANNEX COLLECTION (Main Library)
-- 0.00
-- 703978
-- CBU-MAIN LIBRARY (Kitwe)
-- 1
-- 0.00
-- N 5343 Pai
-- 3
-- AVAILABLE
-- 009774
-- Annex Low-Usage Collection
995 ## -
-- ANNEX COLLECTION (Main Library)
-- 0.00
-- 704312
-- CBU-MAIN LIBRARY (Kitwe)
-- 2
-- 0.00
-- N 5343 Pai
-- 1
-- AVAILABLE
-- 009775
-- Annex Low-Usage Collection
999 ## -
-- 84368
-- 84368
Holdings
Withdrawn status Lost status Source of classification or shelving scheme Damaged status Not for loan Permanent Location Current Location Shelving location Date acquired Total Checkouts Full call number Barcode Date last seen Copy number Price effective from Koha item type
          CBU-MAIN LIBRARY, KITWE. CBU-MAIN LIBRARY, KITWE.   01/25/2024   N 5343 Pai 009793 01/25/2024 1 01/25/2024 MONOGRAPH
          CBU-MAIN LIBRARY, KITWE. CBU-MAIN LIBRARY, KITWE.   01/25/2024   N 5343 Pai 009774 01/25/2024 2 01/25/2024 MONOGRAPH
          CBU-MAIN LIBRARY, KITWE. CBU-MAIN LIBRARY, KITWE.   01/25/2024   N 5343 Pai 009775 01/25/2024 3 01/25/2024 MONOGRAPH